| 000 | 00737nam a2200277Ia 4500 | ||
|---|---|---|---|
| 001 | 23652 | ||
| 005 | 20240114000732.0 | ||
| 007 | ta | ||
| 008 | 060329s1960 g b000 u 465 u | ||
| 040 | _aCotton College,Assam | ||
| 041 | _a465 | ||
| 082 |
_a338.91 _bW 832 F |
||
| 100 | _aWolf, Charles . | ||
| 245 | 0 |
_aForeign Aid: Theory and Practice in Southern Asia / _cCharles Wolf. _hTextual Documents |
|
| 250 | _a1st ed. / | ||
| 260 |
_aNew Jersey : _bThe Princeton University Press , _c1960. |
||
| 300 |
_a411p. ; _c22cm. |
||
| 504 | _aIndex | ||
| 653 | _aEconomics | ||
| 653 | _aG-Economics | ||
| 653 | _aForeign Trade | ||
| 653 | _aForeign Aid | ||
| 942 |
_2ddc _cBK |
||
| 999 |
_c23634 _d23634 |
||